000 00542nam a22001932 4500
001 0000005035
005 20151217155826.0
008 070605s xx 000 0 eng d
040 _aKABU
_cKABU
050 0 _aT319
_b.K4K46
110 2 _aKenya Industrial Property Institute (KIPI)
_@0000156096
245 1 0 _aGuide to patenting in Kenya.
260 _aNairobi :
_bKIPI,
_c[2005]
300 _a32 p.
650 0 _aPatents
_zKenya.
_@0000156097
908 _a070605
950 _@1
999 _c12949
_d12949